000
00296nam a22001337a 4500
008
180924b xxu||||| |||| 00| 0 eng d
020
_a
9780631206507
041
_a
eng
080
_a
316
100
_a
50
101
_a
SOC
245
_a
Contemporary social theory
_c
Elliott,A
942
_2
udc
_c
BK
999
_c
48376
_d
48376